|
|
|
|
| LEADER |
00000nam2a2200000 4500 |
| 001 |
310122 |
| 005 |
20231102002245.0 |
| 020 |
|
|
|a RU
|b 82-6501
|
| 035 |
|
|
|a (RuTPU)RU\TPU\book\335463
|
| 090 |
|
|
|a 310122
|
| 100 |
|
|
|a 20151120g1982 km y0rusy5003 ca
|
| 101 |
0 |
|
|a rus
|
| 102 |
|
|
|a RU
|
| 105 |
|
|
|a y z 001zy
|
| 200 |
0 |
|
|a Вып. 2
|
| 210 |
|
|
|d 1982
|
| 215 |
|
|
|a 256 с.
|
| 306 |
|
|
|a Изд. выходит с 1981 г.
|
| 320 |
|
|
|a Библиогр.: с. 249-254
|
| 461 |
|
1 |
|0 (RuTPU)RU\TPU\book\119430
|t Телевидение вчера, сегодня, завтра
|o сборник
|o в 2 вып.
|f сост. Е. С. Сабашникова
|v Вып. 2
|d 1981-
|
| 606 |
1 |
|
|a Телевидение дальнее
|2 stltpush
|3 (RuTPU)RU\TPU\subj\58819
|9 76566
|
| 610 |
1 |
|
|a телевизионное вещание
|
| 610 |
1 |
|
|a телевизионные башни
|
| 610 |
1 |
|
|a телевизионные центры
|
| 610 |
1 |
|
|a теория
|
| 610 |
1 |
|
|a история
|
| 610 |
1 |
|
|a творчество
|
| 610 |
1 |
|
|a мастерство
|
| 610 |
1 |
|
|a телевещание
|
| 610 |
1 |
|
|a тележурналистика
|
| 610 |
1 |
|
|a телезрители
|
| 610 |
1 |
|
|a прогнозы
|
| 675 |
|
|
|a 654.197
|z rus
|v 3
|
| 801 |
|
0 |
|a RU
|b RuMRKP
|c 19950704
|g psbo
|
| 801 |
|
1 |
|a RU
|b 63413507
|c 20151120
|
| 801 |
|
2 |
|a RU
|b 63413507
|c 20191008
|g RCR
|
| 942 |
|
|
|c BK
|